000 00457nam a2200181Ia 4500
008 230524s9999 xx 000 0 und d
020 _a9780070151499
082 _a621.382
_bSAT
100 _aP.K.Satpathy
245 0 _aNetwork Theory
250 _aIST
260 _aNEW DELHI
_bTMH
_c2009
300 _aXI;9.59
500 _aQuantity Number: 80
650 _aElectrical
700 _a" P Kabi Satpathy, S.P.Ghosh , A.K.Chakraborty,,"
942 _cBK
999 _c43896
_d43896